| 000 | 00458nam a2200205Ia 4500 | ||
|---|---|---|---|
| 003 | 0100 | ||
| 008 | 130307s9999 xx 000 0 und d | ||
| 020 | _a0199257450 | ||
| 040 | _cARRUPELIB | ||
| 050 | _aBT480.S95 2003 | ||
| 100 | _aSwinburne, Richard | ||
| 245 | 4 | _aThe resurrection of God incarnate | |
| 260 | _aOxford | ||
| 260 | _bClarendon Press | ||
| 260 | _c2003 | ||
| 300 | _a224p. | ||
| 300 | _b23 cm. | ||
| 650 | _aTHEOLOGY | ||
| 942 | 0 | 0 | _02 |
| 999 |
_c93264 _d93264 |
||